[Event "BCF-chT4 2223 (4NCL)"]
[Site "England"]
[Date "2023.05.01"]
[Round "11.64"]
[White "Chan, Michelle Ngo Yu"]
[Black "Ward, Andrew"]
[Result "1-0"]
[WhiteElo "1586"]
[BlackElo "1841"]
[PlyCount "87"]
[EventDate "2022.11.05"]
[EventType "team-swiss"]
[EventRounds "11"]
[EventCountry "ENG"]
[SourceTitle "EXT 2024"]
[Source "ChessBase"]
[SourceDate "2023.10.10"]
[SourceVersion "1"]
[SourceVersionDate "2023.10.10"]
[SourceQuality "1"]
[WhiteTeam "She Plays To Win Lionesses"]
[BlackTeam "Coventry"]
[WhiteTeamCountry "ENG"]
[BlackTeamCountry "ENG"]

1. e4 e6 2. d4 d5 3. e5 c5 4. c3 Nc6 5. Nf3 Bd7 6. Be2 Nge7 7. dxc5 Ng6 8. b4 Ncxe5 9. Nxe5 Nxe5 10. 0-0 Be7 11. Be3 0-0 12. Nd2 Bf6 13. Bd4 b6 14. Nf3 Nxf3+ 15. Bxf3 Bb5 16. Be2 Bxe2 17. Qxe2 bxc5 18. Bxc5 Re8 19. Rac1 a5 20. b5 Qc7 21. Qe3 Rec8 22. Bb6 Qc4 23. Rb1 Qxc3 24. Qxc3 Rxc3 25. Rfc1 a4 26. Rxc3 Bxc3 27. Rc1 d4 28. Bc7 Ra7 29. b6 Rb7 30. Kf1 Kf8 31. Ke2 Ke7 32. Kd3 Ba5 33. Rb1 Kd7 34. Kxd4 Bxb6+ 35. Bxb6 Kc6 36. Kc4 Rxb6 37. Rxb6+ Kxb6 38. Kb4 g5 39. Kxa4 f5 40. Kb4 h5 41. Kc4 h4 42. Kd4 g4 43. f4 gxf3 44. gxf3 1-0

[Event "Daventry 4NCL Easter op-B 3rd"]
[Site "Daventry"]
[Date "2023.04.08"]
[Round "3"]
[White "Lawrence, Spencer"]
[Black "Ward, Andrew"]
[Result "1/2-1/2"]
[WhiteElo "1536"]
[BlackElo "1838"]
[PlyCount "43"]
[EventDate "2023.04.07"]
[EventType "swiss"]
[EventRounds "7"]
[EventCountry "ENG"]
[SourceTitle "EXT 2024"]
[Source "ChessBase"]
[SourceDate "2023.10.10"]
[SourceVersion "1"]
[SourceVersionDate "2023.10.10"]
[SourceQuality "1"]

1. d4 e6 2. Nf3 f5 3. g3 Nf6 4. Bg2 Be7 5. 0-0 0-0 6. c4 d6 7. b3 Ne4 8. Bb2 b6 9. Nbd2 Bb7 10. Ne1 d5 11. Nd3 Nxd2 12. Qxd2 Bf6 13. Rac1 Na6 14. Nf4 Bg5 15. e3 Qd7 16. cxd5 exd5 17. Nd3 Bf6 18. Rc2 Rfc8 19. Rfc1 c5 20. dxc5 Bxb2 21. Rxb2 Nxc5 22. Nxc5 1/2-1/2

[Event "BCF-chT4 2223 (4NCL)"]
[Site "England"]
[Date "2023.02.05"]
[Round "6.158"]
[White "Ward, Andrew"]
[Black "Sartain, Patrick"]
[Result "1-0"]
[WhiteElo "1841"]
[BlackElo "1417"]
[PlyCount "83"]
[EventDate "2022.11.05"]
[EventType "team-swiss"]
[EventRounds "11"]
[EventCountry "ENG"]
[SourceTitle "EXT 2024"]
[Source "ChessBase"]
[SourceDate "2023.10.10"]
[SourceVersion "1"]
[SourceVersionDate "2023.10.10"]
[SourceQuality "1"]
[WhiteTeam "Coventry"]
[BlackTeam "Cambridge University III"]
[WhiteTeamCountry "ENG"]
[BlackTeamCountry "ENG"]

1. c4 e5 2. Nc3 d6 3. g3 Nf6 4. Bg2 c6 5. e4 Be7 6. Nge2 Bg4 7. 0-0 Qd7 8. d4 exd4 9. Qxd4 c5 10. Qe3 Nc6 11. f3 Bh3 12. Bxh3 Qxh3 13. Nf4 Qd7 14. Ncd5 Ne5 15. Nxe7 Qxe7 16. b3 0-0-0 17. Bb2 g5 18. Nd5 Nxd5 19. exd5 f6 20. b4 Rde8 21. bxc5 dxc5 22. Bxe5 fxe5 23. Rae1 h6 24. f4 gxf4 25. Rxf4 Kc7 26. Re4 Kd6 27. Qa3 Qc7 28. Rxe5 Rxe5 29. Rxe5 Qg7 30. Re6+ Kd7 31. Qxc5 Qa1+ 32. Kf2 Qb2+ 33. Re2 Qf6+ 34. Kg2 Rf8 35. Rf2 Qxf2+ 36. Qxf2 Rxf2+ 37. Kxf2 Kd6 38. a4 a6 39. Ke3 b5 40. cxb5 axb5 41. axb5 Kxd5 42. Kf4 1-0

[Event "BCF-chT4 2223 (4NCL)"]
[Site "England"]
[Date "2023.02.04"]
[Round "5.152"]
[White "Leadbetter, Scott"]
[Black "Ward, Andrew"]
[Result "0-1"]
[WhiteElo "1609"]
[BlackElo "1841"]
[PlyCount "48"]
[EventDate "2022.11.05"]
[EventType "team-swiss"]
[EventRounds "11"]
[EventCountry "ENG"]
[SourceTitle "EXT 2024"]
[Source "ChessBase"]
[SourceDate "2023.10.10"]
[SourceVersion "1"]
[SourceVersionDate "2023.10.10"]
[SourceQuality "1"]
[WhiteTeam "Crowthorne II"]
[BlackTeam "Coventry"]
[WhiteTeamCountry "ENG"]
[BlackTeamCountry "ENG"]

1. e4 e6 2. b3 Nf6 3. e5 Nd5 4. c4 Ne7 5. Nc3 Ng6 6. d4 d6 7. f4 dxe5 8. fxe5 Bb4 9. Nge2 Qh4+ 10. g3 Qe4 11. Qd2 Qxh1 12. a3 Bxc3 13. Qxc3 Qxh2 14. Qb4 Nc6 15. Qc5 Bd7 16. b4 b6 17. Qb5 Nxd4 18. Qa6 Nc2+ 19. Kd1 Nxa1 20. c5 0-0 21. Bb2 Nb3 22. Kc2 Qh1 23. Nc3 Nd4+ 24. Kb1 Bb5 0-1

[Event "GBR-ch Major 106th"]
[Site "Torquay"]
[Date "2019.07.31"]
[Round "5"]
[White "Ward, Andrew"]
[Black "Pollack, Oscar"]
[Result "0-1"]
[WhiteElo "1822"]
[BlackElo "2088"]
[PlyCount "76"]
[EventDate "2019.07.27"]
[EventType "swiss"]
[EventRounds "9"]
[EventCountry "ENG"]
[SourceTitle "EXT 2020"]
[Source "ChessBase"]
[SourceDate "2019.10.17"]
[SourceVersion "1"]
[SourceVersionDate "2019.10.17"]
[SourceQuality "1"]

1. d4 Nf6 2. Bg5 e6 3. e3 h6 4. Bf4 b6 5. Nf3 Bb7 6. Bd3 Be7 7. 0-0 0-0 8. c3 Nh5 9. Bg3 d6 10. Nbd2 Nd7 11. Be4 d5 12. Bd3 c5 13. Qe2 Nxg3 14. hxg3 Qc7 15. e4 cxd4 16. Nxd4 Nc5 17. exd5 Nxd3 18. Qxd3 Bxd5 19. Rfd1 Rfd8 20. Qe2 Rd7 21. N2f3 Bf6 22. Nc2 Rad8 23. Ne3 Bb7 24. Ng4 Rxd1+ 25. Rxd1 Rxd1+ 26. Qxd1 Be7 27. Nd4 Qc4 28. a3 Qd5 29. Ne3 Qe4 30. Qa4 Bg5 31. Qe8+ Kh7 32. Ndc2 f5 33. f4 Bf6 34. Qd7 a6 35. Kf2 b5 36. Nd4 Bd5 37. Ndxf5 Bc6 38. Nd6 Qxe3+ 0-1

[Event "Telford 4NCL U2050 op"]
[Site "Telford"]
[Date "2018.11.04"]
[Round "9"]
[White "Ward, Andrew"]
[Black "Benson, Paul J"]
[Result "1/2-1/2"]
[WhiteElo "1790"]
[BlackElo "1912"]
[PlyCount "108"]
[EventDate "2018.10.31"]
[EventType "swiss"]
[EventRounds "9"]
[EventCountry "ENG"]
[SourceTitle "EXT 2021"]
[Source "ChessBase"]
[SourceDate "2020.10.23"]
[SourceVersion "1"]
[SourceVersionDate "2020.10.23"]
[SourceQuality "1"]

1. d4 f5 2. Bg5 c6 3. Nc3 Qb6 4. Rb1 d6 5. e3 Be6 6. Bd3 Nd7 7. Nge2 g6 8. 0-0 Bg7 9. b4 Ngf6 10. Na4 Qc7 11. c4 0-0 12. Nac3 Bf7 13. a4 e5 14. f3 Rfe8 15. c5 Nd5 16. Nxd5 Bxd5 17. e4 Be6 18. exf5 Bxf5 19. Bxf5 gxf5 20. Ng3 f4 21. Nf5 d5 22. Nd6 Re6 23. Nf5 Rf8 24. Nxg7 Kxg7 25. b5 exd4 26. Qxd4+ Qe5 27. Qxe5+ Rxe5 28. bxc6 Nxc5 29. cxb7 Rxg5 30. b8Q Rxb8 31. Rxb8 Nxa4 32. Rb7+ Kg6 33. Rxa7 Nc3 34. Kf2 d4 35. Rd7 Nb5 36. Rd1 Rc5 37. Rd2 h5 38. g3 fxg3+ 39. hxg3 Kh6 40. Ra2 Kg6 41. Ra6+ Kg5 42. Rg7+ Kf5 43. Rag6 Rc2+ 44. Ke1 d3 45. Rg5+ Kf6 46. Rxb5 Kxg7 47. Rxh5 Rg2 48. Rd5 Rxg3 49. Rxd3 Rg2 50. Rd2 Rxd2 51. Kxd2 Kf6 52. Kd3 Kf5 53. Ke3 Ke5 54. f4+ Kf5 1/2-1/2

[Event "BCF-chT4S 1617 (4NCL)"]
[Site "England"]
[Date "2017.03.18"]
[Round "7.203"]
[White "Jones, Robert L"]
[Black "Ward, Andrew"]
[Result "1-0"]
[WhiteElo "1781"]
[BlackElo "1847"]
[PlyCount "62"]
[EventDate "2016.11.26"]
[EventType "team-swiss"]
[EventRounds "11"]
[EventCountry "ENG"]
[SourceTitle "EXT 2019"]
[Source "ChessBase"]
[SourceDate "2018.10.10"]
[SourceVersion "1"]
[SourceVersionDate "2018.10.10"]
[SourceQuality "1"]
[WhiteTeam "Iceni II"]
[BlackTeam "Throw in the Tal II"]
[WhiteTeamCountry "ENG"]
[BlackTeamCountry "ENG"]

1. e4 d6 2. d4 Nf6 3. Nc3 Nbd7 4. f4 e5 5. Nf3 exd4 6. Nxd4 g6 7. Be2 Bg7 8. Be3 0-0 9. Qd2 Nc5 10. Bf3 Re8 11. e5 dxe5 12. fxe5 Rxe5 13. 0-0-0 Nfe4 14. Nxe4 Nxe4 15. Qe1 Nd6 16. Qf2 Ra5 17. Kb1 Qe8 18. Nb3 Rb5 19. Rhe1 Be6 20. Bd4 a5 21. Bxg7 Kxg7 22. Nd4 Bxa2+ 23. Kxa2 Rxb2+ 24. Kxb2 Nc4+ 25. Kb3 Ne5 26. Bd5 Ra6 27. Rxe5 Rb6+ 28. Kc3 Qxe5 29. Qxf7+ Kh6 30. Qf8+ Kg5 31. h4+ Kg4 1-0

[Event "Perth Congress"]
[Site "Perth"]
[Date "2017.02.19"]
[Round "4"]
[White "Ward, Andrew"]
[Black "Wynarczyk, Raymond"]
[Result "1-0"]
[WhiteElo "1813"]
[BlackElo "1951"]
[PlyCount "77"]
[EventDate "2017.02.17"]
[EventType "swiss"]
[EventRounds "5"]
[EventCountry "SCO"]
[SourceTitle "CBM 176 Extra"]
[Source "ChessBase"]
[SourceDate "2017.03.02"]
[SourceVersion "1"]
[SourceVersionDate "2017.03.02"]
[SourceQuality "1"]

1. e4 e5 2. Nf3 d6 3. d4 exd4 4. Qxd4 Nc6 5. Bb5 Bd7 6. Bxc6 Bxc6 7. Nc3 Qf6 8. Be3 Be7 9. Nd5 Bxd5 10. exd5 Qxd4 11. Bxd4 Bf6 12. 0-0-0 Bxd4 13. Rxd4 Nf6 14. Re1+ Kd7 15. Ng5 Rhe8 16. Ne4 Nxe4 17. Rdxe4 f5 18. Rxe8 Rxe8 19. Rxe8 Kxe8 20. f4 Kd7 21. Kd2 c6 22. dxc6+ bxc6 23. c4 Ke6 24. b4 d5 25. Kc3 a6 26. Kd4 dxc4 27. Kxc4 Kd6 28. Kd4 h6 29. h4 g6 30. g3 Kc7 31. Kc5 Kb7 32. Kd6 Kb6 33. a4 h5 34. Ke5 c5 35. bxc5+ Kxc5 36. Kf6 a5 37. Kxg6 Kb4 38. Kxh5 Kxa4 39. Kg6 1-0

[Event "BCF-chT4S 1617 (4NCL)"]
[Site "England"]
[Date "2017.02.11"]
[Round "5.92"]
[White "Ward, Andrew"]
[Black "Davison, Chris"]
[Result "0-1"]
[WhiteElo "1813"]
[BlackElo "2007"]
[PlyCount "68"]
[EventDate "2016.11.26"]
[EventType "team-swiss"]
[EventRounds "11"]
[EventCountry "ENG"]
[SourceTitle "EXT 2019"]
[Source "ChessBase"]
[SourceDate "2018.10.10"]
[SourceVersion "1"]
[SourceVersionDate "2018.10.10"]
[SourceQuality "1"]
[WhiteTeam "Throw in the Tal II"]
[BlackTeam "Poisoned Pawns II"]
[WhiteTeamCountry "ENG"]
[BlackTeamCountry "ENG"]

1. d4 f5 2. Bf4 e6 3. e3 d6 4. Nf3 Nf6 5. c3 Be7 6. Bd3 Nbd7 7. Ng5 Nf8 8. h4 c6 9. h5 h6 10. Nf3 Qc7 11. Nbd2 Bd7 12. e4 fxe4 13. Nxe4 Nxe4 14. Bxe4 0-0-0 15. Qa4 Kb8 16. Qb4 Bc8 17. a4 e5 18. dxe5 d5 19. e6 Qxf4 20. Qxe7 Qxe4+ 21. Kf1 Nxe6 22. Rh4 Qf5 23. a5 Qf8 24. Qxf8 Rhxf8 25. a6 Rf4 26. axb7 Bxb7 27. Ra4 Rxh4 28. Rxh4 c5 29. Rg4 d4 30. cxd4 Bxf3 31. gxf3 cxd4 32. Ke2 Ng5 33. f4 d3+ 34. Kd2 Ne4+ 0-1

[Event "BCF-chT4S 1617 (4NCL)"]
[Site "England"]
[Date "2016.11.26"]
[Round "1.15"]
[White "Burrows, Nick"]
[Black "Ward, Andrew"]
[Result "1-0"]
[WhiteElo "1894"]
[BlackElo "1892"]
[PlyCount "33"]
[EventDate "2016.11.26"]
[EventType "team-swiss"]
[EventRounds "11"]
[EventCountry "ENG"]
[SourceTitle "EXT 2019"]
[Source "ChessBase"]
[SourceDate "2018.10.10"]
[SourceVersion "1"]
[SourceVersionDate "2018.10.10"]
[SourceQuality "1"]
[WhiteTeam "Oxford II"]
[BlackTeam "Throw in the Tal"]
[WhiteTeamCountry "ENG"]
[BlackTeamCountry "ENG"]

1. f4 e5 2. e4 d5 3. exd5 e4 4. d3 Qxd5 5. Nc3 Bb4 6. Bd2 Qe6 7. dxe4 Bxc3 8. Bxc3 Qxe4+ 9. Qe2 Qxe2+ 10. Bxe2 f6 11. 0-0-0 Ne7 12. Bh5+ Ng6 13. Re1+ Kf7 14. g4 f5 15. Nf3 Nc6 16. Ng5+ Kf8 17. Nxh7+ 1-0